000 01004nam a22002175i 4500
001 164827
003 ES-MaACL
005 20250806060946.0
008 011016s1886 fr af |||| | fre d
040 _aCCPB | B
_bspa
_cCCPB | B
100 1 _aLegrand du Saulle, Henri.
_9128854
245 1 0 _aTraité de médecine légale de jurisprudence médicale et de toxicologie /
_cpar Legrand du Saulle, Georges Berryer et Gabriel Pouchet ; ouvrage couronné par l'Institut de France.
250 _a2ème éd., entièrement refondue.
260 _aParis :
_bAdrien Delahaye et Émile Lecrosnier, éditeurs,
_c1886 (
_eBourloton :
_fImprimeries réunies, B.)
300 _aXI, 1680 p., II h. de grab. :
_bil. ;
_c24 cm.
650 7 _aMedicina legal
_2embne
_914928
700 1 2 _aBerryer, Georges.
_tTraité de médecine légale de jurisprudence médicale et de toxicologie.
_9125956
700 0 _aPouchet, Gabriel.
_993423
852 _aES-MaACL
_jB-10869
_z-- Enc. pasta
999 _c164827
_d164827